00238nam a2200097 a 450000500170000000800410001705000180005824500280007665000090010465000270011320141022142000.0090305s19uu xx 00 eng d aVHSbP31 1962 aTo Kill a Mocking Bird. aVHS. aTo Kill a Mocking Bird